| 000 | 00000nam##2200000za#4500 |
| 001 | 9.581196 |
| 003 | CaOODSP |
| 005 | 20210624191413 |
| 007 | cr ||||||||||| |
| 008 | 150406|2006||||xxc|||||o f|0| 0 eng|d |
| 040 | |aCaOODSP|beng |
| 043 | |an-cn--- |
| 086 | 1 |aNH18-22/106-109E-PDF |
| 110 | 2 |aCanada Mortgage and Housing Corporation. |
| 245 | 10|aOccupancy-based classification system for design and construction of residential basements |h[electronic resource] |
| 260 | |aOttawa - Ontario : |bCanada Mortgage and Housing Corporation |cc2006. |
| 300 | |a4p. |
| 490 | 1 |aResearch highlight. Technical series |v06-109 |
| 500 | |aFile reproduced from original print. |
| 590 | |a14-20-Supp|b2014-11-25 |
| 775 | 08|tCatégorisation selon l'usage pour la conception et la construction des sous-sols de bâtiments résidentiels |w(CaOODSP)9.608042 |
| 776 | 0#|tOccupancy-based classification system for design and construction of residential basements |w(CaOODSP)9.618069 |
| 830 | #0|aResearch highlight. Technical series ;|v06-109|w(CaOODSP)9.504482 |
| 856 | 40|ahttp://publications.gc.ca|qPDF|s241 KB|uhttps://publications.gc.ca/collections/collection_2014/schl-cmhc/NH18-22-106-109-eng.pdf|y06-109 |